00450 2200169 4500001002100000005001500021035002000036245006900056100000900125250001400134300001900148260005300167082001400220084001800234020001800252990001000270INLIS00000000003338720220804093504 a0010-08220001791 aMisteri Permata Al-Qashr Az-Zahabi :bThe Batutah Secret /cEmji0 aEmji aCetakan 1 a270hlm ;c20cm asolo :bPT Tiga Serangkai Pustaka Mandiri,c2011 a899.221.3 a899.221.3 EMJ a9786029854961 a53705